000 01091cam a22003014a 4500
001 3012
005 20260327132349.0
020 _a9780439798808
040 _aDLC
_cDLC
_dDLC
_beng
050 0 0 _aQM101.Z54
082 0 0 _a611.71
100 1 _aZiefert, Harriet
245 1 0 _aYou can't see your bones with binoculars :
_ba guide to your 206 bones /
_cHarriet Ziefert ; pictures by Amanda Haley.
250 _aFirst Scholastic printing , October 2005
260 _aNew York :
_bScholastic ,
_c2003
300 _a24 unnumbered pages :
_bcolor illustrations ;
_c26 cm .
505 _aZ
520 _aText and illustrations, including xrays, provide a guided tour of the human skeleton, encouraging the reader to find and feel each bone as it is described.
521 _a920
_bLexile
521 _aZ
_bRaz-Plus
650 0 _aHuman skeleton
_vJuvenile literature.
650 0 _aBones
_vJuvenile literature.
650 1 _aSkeleton.
650 1 _aBones.
700 1 _aHaley, Amanda
_eillustrator
906 _a7
_bcbc
_corignew
_d1
_eocip
_f20
_gy-gencatlg
942 _2ddc
_cBK
_n0
999 _c3012
_d3012